000 00511nam a22001817a 4500
005 20251108163345.0
008 250721s1973 xx 000 0 ara d
082 1 4 _a320.01/روس
100 1 _aروسو، جان جاك
245 1 0 _aفي العقد الإجتماعي /
264 1 _aبيروت :
_bدار القلم،
_c1973.
300 _a220ص
650 1 7 _aالعلوم السياسية
650 1 7 _aالفلسفة
700 1 _aقرقوط، ذوقان
_eترجمة
942 _2ddc
_cBK
999 _c648
_d648